Short history of the English people (Record no. 501830)

000 -LEADER
fixed length control field 00373cam a22001337a 4500
008 - FIXED-LENGTH DATA ELEMENTS--GENERAL INFORMATION
fixed length control field 180718b1899 xxu||||| |||| 00| 0 eng d
082 ## - DEWEY DECIMAL CLASSIFICATION NUMBER
Classification number A6x42 G826
100 ## - MAIN ENTRY--PERSONAL NAME
Personal name Green, John Richard
245 ## - TITLE STATEMENT
Title Short history of the English people
Statement of responsibility, etc. by John Richard Green
250 ## - EDITION STATEMENT
Edition statement rev. ed.
260 ## - PUBLICATION, DISTRIBUTION, ETC.
Place of publication, distribution, etc. New York
Name of publisher, distributor, etc. Harper
Date of publication, distribution, etc. 1899
300 ## - PHYSICAL DESCRIPTION
Extent 872p.
650 ## - SUBJECT ADDED ENTRY--TOPICAL TERM
Topical term or geographic name entry element Great Britain --History
Holdings
Withdrawn status Lost status Damaged status Not for loan Permanent Location Current Location Date acquired Full call number Barcode Date last seen Price effective from Koha item type
        Indian Institute of Public Administration Indian Institute of Public Administration 2018-08-04 A6x42 G826 GR1171 2018-08-04 2018-08-04 GR

Powered by Koha